| 000 | 00000nam 2200000zi 4500 |
| 001 | 9.914107 |
| 003 | CaOODSP |
| 005 | 20251023134251 |
| 006 | m o d f |
| 007 | cr |n||||||||| |
| 008 | 220803t20232023oncdb ob f00| 0 fre d |
| 020 | |a9780660448633 |
| 040 | |aCaOODSP|bfre|erda|cCaOODSP |
| 043 | |an-cn-bc |
| 086 | 1 |aFs70-5/2022-048F-PDF |
| 100 | 1 |aBenson, A. J., |eauteur. |
| 245 | 10|aRendement des procédures de gestion pour le hareng du Pacifique (Clupea pallasii) de la Colombie-Britannique en présence d’incertitudes du modèle : |bcombler l’écart entre la théorie et la pratique de la pêche selon l’approche de précaution / |cA.J. Benson, J.S. Cleary, S.P. Cox, S. Johnson et M.H. Grinnell. |
| 264 | 1|aOttawa (Ontario) : |bSecrétariat canadien de consultation scientifique (SCCS), |cfévrier 2023. |
| 264 | 4|c©2023 |
| 300 | |a1 ressource en ligne (ix, 77 pages) : |bcartes, graphiques. |
| 336 | |atexte|btxt|2rdacontent/fre |
| 337 | |ainformatique|bc|2rdamedia/fre |
| 338 | |aressource en ligne|bcr|2rdacarrier/fre |
| 490 | 1 |aDocument de recherche, |x2292-4272 ; |v2022/048 |
| 500 | |aPublié aussi en anglais sous le titre : Performance of management procedures for British Columbia Pacific Herring (Clupea pallasii) in the presence of model uncertainty: closing the gap between precautionary fisheries theory and practice. |
| 504 | |aComprend des références bibliographiques (pages 48-49). |
| 650 | 6|aHareng du Pacifique|xPêche commerciale|zColombie-Britannique|zPacifique, Côte du|xGestion. |
| 710 | 2 |aSecrétariat canadien de consultation scientifique, |eorganisme de publication. |
| 710 | 1 |aCanada. |bMinistère des pêches et des océans. |bRégion du Pacifique, |eorganisme de publication. |
| 775 | 08|tPerformance of management procedures for British Columbia Pacific Herring (Clupea pallasii) in the presence of model uncertainty : |w(CaOODSP)9.914108 |
| 830 | #0|aDocument de recherche (Secrétariat canadien de consultation scientifique)|v2022/048.|w(CaOODSP)9.503788 |
| 856 | 40|qPDF|s8.23 Mo|uhttps://publications.gc.ca/collections/collection_2023/mpo-dfo/fs70-5/Fs70-5-2022-048-fra.pdf |